000 00206 a2200109 4500
020 _a9780140543643
041 _aspa
100 _aMcDermott, Gerald
245 _aFlecha al sol
942 _cBK
952 _71
999 _c25384
_d25384